000 00786nam a2200253Ia 4500
003 OSt
005 20220927105326.0
006 a|||||r|||| 00| 0
007 ta
008 220926b |||||||| |||| 00| 0 eng d
024 _a176491
037 _cReference Collections
040 _aRTL
_cRTL
_beng
041 _2eng
_aeng
082 _a"X:8J, P7/Th"
100 _aGupta Renu
_9371696
245 0 _aPerceptions of auditors on various aspects of statutory audit
260 _aDelhi
_bUniversity of Delhi
_c2007
300 _a"254p, xi"
_ccm.
490 _a"University of Delhi, Commerce (Deptt. of-), Dissertation"
500 _aBibliography at the end; Appendix: P i - xi
942 _h"X:8J, P7/Th"
_cCC
999 _c691846
_d691846